000 00288nam a22001097a 4500
082 _a920/GHO
100 _aGhose, Chandrachur
_984017
245 _aBose The Untold Story of An Inconvenient Nationalist
260 _aHaryana
_bPenguin Random House
_c2022
650 _aBiography
942 _cBK
999 _c69038
_d69038